Shrinking Cities in Florida - Statistics

General Stats
  • This quiz has been taken 19 times
  • The average score is 2 of 7
Answer Stats
Population Growth Rate (%) City % Correct
223,109 -0.7 Hialeah
100%
32,939 -5.0 Panama City
55%
82,890 -5.3 Miami Beach
36%
19,115 -1.1 Naples
27%
15,760 -4.1 Marco Island
9%
16,698 -8.5 Belle Glade
0%
19,363 -2.8 Sweetwater
0%
No matching quizzes found
Score Distribution
Percent of People with Each Score
Percentile by Number Answered
Your Score History
You have not taken this quiz